000 01010nam a2200349Ia 4500
008 170203s9999 xx 000 0 und d
020 _a0-439314313
050 _aFIc
050 _bC237i
100 _aCapeci, Anne.
245 _aInsect invaders /
245 _cwritten by Anne Capeci ; illustrations by John Spiers.
260 _aNew York :
260 _bScholastic Inc.
260 _c2001
300 _a87 pages :
300 _billustrations ;
300 _c20 cm.
440 _aMagic School Bus science chapter book,
440 _v#11.
500 _a"Based on The Magic School Bus books written by Joanna Cole and illustrated by Bruce Degen"--Title page verso.
650 _aAdventure and adventurers --
650 _aInsects --
650 _aInsects --
650 _aNATURE --
650 _aSchool field trips --
650 _x Animals -- Insects & Spiders.
650 _xFiction.
650 _xFiction.
650 _xFiction.
650 _xJuvenile literature.
999 _c306400
_d306400